01486nam a2200277 a 450000100100000000500170001000800410002704000250006808200170009324501880011026000360029830000270033465000260036165000380038770000280042570000270045370000250048070000310050570000450053695201290058195201290071095201200083995201140095995201200107399900150119300000448920200929151441.0090723s2008 dr a 000 0 spa d aDO-SdBNPbspacBNPHU a006.7bS715q00a¿Qué tu no tienes un blog? :bintroducción al mundo de los blogs /cJosé Rafael Sosa, Reynaldo Brito, Eillen Glass, Alexei Tellerías ; corrección Jacqueline Díaz López. aSanto Domingo :bBúho,c2008. a52 p. :bil. ;c22 cm. 7aWeblogs2SEARS913125 7aPeriodismo en linea2SEARS9131261 aSosa, José Rafael9641 aBrito, Reynaldo9131271 aGlass, Eillen9131281 aTallerías, Alexei9131291 aDíaz López, Jacquelineecorr.913130 001054708DSaGRbGRcCTd2010-05-14iLF1l0o006.7 S715qp4489-30r2020-06-25te. 3w2020-06-25yLFDSZPréstamo en sala 001054708DSaGRbGRcCTd2010-05-14iLF1l0o006.7 S715qp4489-40r2020-06-25te. 4w2020-06-25yLFDSZPréstamo en sala 0010718DSaGRbGRcCTd2011-04-07iLF1l0o006.7 S715qp4489-50r2020-06-25te. 5w2020-06-25yLFDSZNo se presta 0010718PDaPDbPDcCTd2009-07-23iLF1l0o006.7 S715qp4489-10r2020-06-25w2020-06-25yLFPDZNo se presta 0010718PDaPDbPDcCTd2010-05-14iLF1l0o006.7 S715qp4489-20r2020-06-25te. 2w2020-06-25yLFPDZNo se presta c4298d4298